000 00856nam a22002055i 4500
001 161791
003 ES-MaACL
005 20230906212348.0
008 010102s1851 sp f |||| | spa d
040 _aCCPB | B
_bspa
_cCCPB | B
100 1 _aPérez de la Flor, José.
_9131491
245 1 0 _aNovisimo manual de hidrología médica española ... /
_cpor José Perez de la Flor y Manuel Gonzalez de Jonte.
260 _aMadrid :
_bimprenta y libreria de Vicente Matute,
_c1851.
300 _a657, [11] p., [1] h. de grab. pleg. ;
_c17 cm.
599 1 _aLa h. de grab. pleg. es un cuadro sinóptico de manantiales de aguas minerales.
650 4 _aHidroterapia.
_913343
700 2 2 _aGonzález de Jonte, Manuel.
_tNovisimo manual de hidrología médica española.
_9127440
752 _aEspaña -
_dMadrid
852 _aES-MaACL
_jG-1619
_z-- Enc. hol.
999 _c161791
_d161791